Jet2.com International routes from Edinburgh Airport (EDI) - Statistics

General Stats
  • This quiz has been taken 10 times
  • The average score is 25 of 44
Answer Stats
International Route Country % Correct
Palma de Mallorca Spain
100%
Tenerife-South Spain
100%
Antalya Turkiye
83%
Dubrovnik Croatia
83%
Gran Canaria Spain
83%
Ibiza Spain
83%
Naples Italy
83%
Prague Czechia
83%
Rome-Fiumicino Italy
83%
Vienna Austria
83%
Alicante Spain
67%
Bergen Norway
67%
Burgas Bulgaria
67%
Faro Portugal
67%
Fuerteventura Spain
67%
Innsbruck Austria
67%
Rhodes Greece
67%
Salzburg Austria
67%
Split Croatia
67%
Thessaloniki Greece
67%
Turin Italy
67%
Valetta Malta
67%
Bodrum Turkiye
50%
Catania Italy
50%
Corfu Greece
50%
Funchal Portugal
50%
Kos Greece
50%
Lanzarote Spain
50%
Larnaca Cyprus
50%
Malaga Spain
50%
Menorca Spain
50%
Paphos Cyprus
50%
Reus Spain
50%
Chania Greece
33%
Dalaman Turkiye
33%
Kefalonia Greece
33%
Preveza Greece
33%
Pula Croatia
33%
Santorini Greece
33%
Zakynthos Greece
33%
Chambery France
17%
Sharm El Shiekh Egypt
17%
Skiathos Greece
17%
Verona Italy
17%
No matching quizzes found
Score Distribution
Percent of People with Each Score
Percentile by Number Answered
Your Score History
You have not taken this quiz